| 000 | 00685nam a22002417a 4500 | ||
|---|---|---|---|
| 003 | UA-OsUOA | ||
| 001 | 65053 | ||
| 007 | ta | ||
| 008 | 20091112b un ||||| |||| 00| 0 ukr d | ||
| 100 | _aГорліс-Горський Ю. | ||
| 090 |
_a94(477) _bГ69 |
||
| 942 | _cBK | ||
| 040 |
_aUA-OsUOA _bukr _cUA-OsUOA _dUA-OsUOA |
||
| 245 |
_aХолодний Яр _bДокументальний роман |
||
| 300 | _a432 с. | ||
| 955 | _a3 | ||
| 041 | _aukr | ||
| 080 | _a94(477) | ||
| 020 | _a978-966-538-214-0 | ||
| 260 |
_aКиїв-Дрогобич _bВідродження _c2009 |
||
| 650 | 7 |
_a9 Географія. Біографії. Історія _2UDC |
|
| 999 |
_c351164 _d351164 |
||